[Event "South Normanton 4NCL op-B 23rd"]
[Site "South Normanton"]
[Date "2019.10.05"]
[Round "2"]
[White "Spanton, Timothy"]
[Black "Tokeley, Rob"]
[Result "1/2-1/2"]
[WhiteElo "1900"]
[BlackElo "1840"]
[PlyCount "84"]
[EventDate "2019.10.04"]
[EventType "swiss"]
[EventRounds "5"]
[EventCountry "ENG"]
[SourceTitle "CBM 193 Extra"]
[Source "ChessBase"]
[SourceDate "2020.01.31"]
[SourceVersion "1"]
[SourceVersionDate "2020.01.31"]
[SourceQuality "1"]

1. e4 c6 2. d4 d5 3. Nc3 dxe4 4. Nxe4 Nf6 5. Nxf6+ exf6 6. Bf4 Bd6 7. Qd2 Qe7+ 8. Be3 Be6 9. Bd3 Nd7 10. Nf3 Nb6 11. 0-0 Nc4 12. Bxc4 Bxc4 13. Rfe1 0-0 14. Bf4 Qc7 15. Bxd6 Qxd6 16. Re3 Rfe8 17. b3 Bd5 18. Rae1 Qd7 19. Rxe8+ Rxe8 20. Rxe8+ Qxe8 21. Ne1 b6 22. Qe3 Kf8 23. Qxe8+ Kxe8 24. f3 Be6 25. Kf2 Ke7 26. Ke3 Kd6 27. Nd3 g5 28. a3 a5 29. f4 Bf5 30. g3 h5 31. h4 g4 32. c3 c5 33. b4 cxb4 34. cxb4 Bxd3 35. Kxd3 axb4 36. axb4 Kd5 37. b5 f5 38. Kc3 Kd6 39. Kc4 Ke6 40. d5+ Kd6 41. Kd4 f6 42. Kc4 Kd7 1/2-1/2

[Event "BCF-ch Week2 PM op"]
[Site "Coventry"]
[Date "2015.08.06"]
[Round "4"]
[White "Gelip, Ioana"]
[Black "Tokeley, Rob"]
[Result "1-0"]
[WhiteElo "2155"]
[BlackElo "1809"]
[PlyCount "57"]
[EventDate "2015.08.03"]
[EventType "swiss"]
[EventRounds "5"]
[EventCountry "ENG"]
[SourceTitle "CBM 167 Extra"]
[Source "ChessBase"]
[SourceDate "2015.09.14"]
[SourceVersion "1"]
[SourceVersionDate "2015.09.14"]
[SourceQuality "1"]

1. e4 c6 2. Nc3 d5 3. Nf3 Bg4 4. h3 Bh5 5. exd5 cxd5 6. Bb5+ Nc6 7. g4 Bg6 8. Ne5 Rc8 9. d4 e6 10. h4 f6 11. Nxg6 hxg6 12. Qd3 Nge7 13. Bd2 a6 14. Bxc6+ Rxc6 15. 0-0-0 f5 16. Ne2 Ng8 17. Nf4 Rxh4 18. Nxg6 Rxg4 19. Ne5 Nf6 20. Rh8 Qb6 21. Qa3 Nh7 22. Nxg4 fxg4 23. Bb4 Qc7 24. Bxf8 Qf4+ 25. Qe3 Qf5 26. Bc5+ Kd7 27. Qg3 Nf6 28. Qb8 Qg5+ 29. Kb1 1-0

[Event "BCF-ch U160"]
[Site "Coventry"]
[Date "2015.08.03"]
[Round "1"]
[White "Tokeley, Rob"]
[Black "Smith, David"]
[Result "1-0"]
[WhiteElo "1809"]
[BlackElo "1954"]
[PlyCount "48"]
[EventDate "2015.08.03"]
[EventType "swiss"]
[EventRounds "5"]
[EventCountry "ENG"]
[SourceTitle "CBM 167 Extra"]
[Source "ChessBase"]
[SourceDate "2015.09.14"]
[SourceVersion "1"]
[SourceVersionDate "2015.09.14"]
[SourceQuality "1"]

1. d4 Nf6 2. Nf3 e6 3. Bg5 Be7 4. e3 d5 5. Bd3 Nbd7 6. Nbd2 h6 7. Bh4 c5 8. c3 0-0 9. 0-0 Re8 10. Rc1 c4 11. Bb1 g6 12. Re1 e5 13. dxe5 Ng4 14. Bg3 Bf8 15. h3 Ngxe5 16. e4 Nxf3+ 17. Qxf3 dxe4 18. Nxe4 f5 19. Nd6 Rxe1+ 20. Rxe1 Bxd6 21. Qd5+ Kg7 22. Qxd6 Qf6 23. Re7+ Kh8 24. Be5 Nb8 1-0

[Event "BCF-ch U160"]
[Site "Aberystwyth"]
[Date "2014.07.30"]
[Round "3"]
[White "Pyper, Otto"]
[Black "Tokeley, Rob"]
[Result "1-0"]
[WhiteElo "148"]
[BlackElo "153"]
[PlyCount "115"]
[EventDate "2014.07.28"]
[EventType "swiss"]
[EventRounds "5"]
[EventCountry "WLS"]
[SourceTitle "EXT 2017"]
[Source "ChessBase"]
[SourceDate "2016.10.25"]
[SourceVersion "1"]
[SourceVersionDate "2016.10.25"]
[SourceQuality "1"]

1. e4 c6 2. c4 d5 3. cxd5 cxd5 4. exd5 Nf6 5. Nc3 Nxd5 6. Nf3 e6 7. Bc4 Nc6 8. 0-0 Be7 9. Re1 0-0 10. a3 a6 11. d4 b5 12. Ba2 Nxc3 13. bxc3 Bf6 14. Bf4 Bb7 15. Qd3 Rc8 16. Rab1 Re8 17. Ne5 Nxe5 18. Bxe5 Bxe5 19. Rxe5 Qc7 20. Rc5 Qd7 21. Rxc8 Rxc8 22. Rc1 g6 23. f3 Qd6 24. c4 bxc4 25. Rxc4 a5 26. Rxc8+ Bxc8 27. Bc4 Bb7 28. g3 Qb6 29. Kg2 e5 30. dxe5 Qb2+ 31. Qe2 Qxe2+ 32. Bxe2 Kf8 33. Kf2 Ke7 34. Ke3 f6 35. f4 fxe5 36. fxe5 Ke6 37. Kf4 h6 38. Bc4+ Ke7 39. h4 Bc8 40. g4 Bd7 41. g5 h5 42. Bd3 Be8 43. Bc4 Bc6 44. Ke3 Bd7 45. Kd4 a4 46. Kc5 Bf5 47. Kb4 Bc2 48. Kc3 Bd1 49. Kd2 Bg4 50. Bb5 Ke6 51. Bxa4 Kxe5 52. Bc2 Bf5 53. Bxf5 Kxf5 54. a4 Kg4 55. a5 Kxh4 56. a6 Kxg5 57. a7 h4 58. a8Q 1-0

[Event "BCF-ch U160"]
[Site "Aberystwyth"]
[Date "2014.07.28"]
[Round "1"]
[White "Hamby, Stephen"]
[Black "Tokeley, Rob"]
[Result "1/2-1/2"]
[WhiteElo "142"]
[BlackElo "153"]
[PlyCount "38"]
[EventDate "2014.07.28"]
[EventType "swiss"]
[EventRounds "5"]
[EventCountry "WLS"]
[SourceTitle "EXT 2017"]
[Source "ChessBase"]
[SourceDate "2016.10.25"]
[SourceVersion "1"]
[SourceVersionDate "2016.10.25"]
[SourceQuality "1"]

1. d4 d5 2. c4 c6 3. Nf3 Nf6 4. Nc3 e6 5. Bg5 h6 6. Bh4 Be7 7. e3 Ne4 8. Bxe7 Qxe7 9. Qc2 Nxc3 10. Qxc3 Nd7 11. Rc1 0-0 12. cxd5 exd5 13. Bd3 Nf6 14. 0-0 Ne4 15. Qc2 Bf5 16. Nd2 Rfe8 17. Nxe4 Bxe4 18. Bxe4 Qxe4 19. Qxe4 Rxe4 1/2-1/2

[Event "BCF-ch Atkins op"]
[Site "Aberystwyth"]
[Date "2014.07.26"]
[Round "2"]
[White "Tokeley, Rob"]
[Black "Littleton, Mark"]
[Result "1/2-1/2"]
[WhiteElo "1874"]
[BlackElo "1930"]
[PlyCount "67"]
[EventDate "2014.07.25"]
[EventType "tourn"]
[EventRounds "5"]
[EventCountry "WLS"]
[SourceTitle "EXT 2017"]
[Source "ChessBase"]
[SourceDate "2016.10.25"]
[SourceVersion "1"]
[SourceVersionDate "2016.10.25"]
[SourceQuality "1"]

1. d4 Nf6 2. c4 e6 3. Nc3 d5 4. Bg5 Be7 5. e3 0-0 6. Nf3 Nbd7 7. Be2 a6 8. a4 c6 9. 0-0 dxc4 10. Bxc4 Nd5 11. Bxe7 Qxe7 12. e4 Nxc3 13. bxc3 e5 14. Re1 h6 15. Qb3 c5 16. d5 Qd6 17. Bd3 Re8 18. Rab1 Rb8 19. c4 a5 20. Rb2 b6 21. Qc3 Rb7 22. Nh4 g6 23. Rbe2 Qf6 24. g3 Nb8 25. f4 Bg4 26. Rf2 Na6 27. Nf3 Bxf3 28. Rxf3 Qd6 29. Ref1 Nb4 30. fxe5 Qxe5 31. Qxe5 Rxe5 32. Bb1 Re8 33. Rf6 Na6 34. Bd3 1/2-1/2